| 000 | 00728cam a22002417a 4500 | ||
|---|---|---|---|
| 999 |
_c29434 _d29434 |
||
| 001 | 16970373 | ||
| 003 | OSt | ||
| 005 | 20181211020110.0 | ||
| 008 | 110921s2011 ke 000 d swa | ||
| 010 | _a 2011348608 | ||
| 020 | _a9789966257758 | ||
| 040 |
_aDLC _cDLC |
||
| 042 | _alcode | ||
| 050 | 0 | 0 | _aMLCS 2011/01079 (P) |
| 100 | 1 | _aNgugi, Gerishon. | |
| 245 | 1 | 0 |
_aNimelogwa nisiwe na mpenzi / _cGerishon Ngugi. |
| 260 |
_aNairobi, Kenya : _bEast African Educational Publishers, _c2011. |
||
| 300 |
_aviii, 95 p. ; _c18 cm. |
||
| 520 | _aA play. | ||
| 546 | _aIn Swahili. | ||
| 906 |
_a7 _bcbc _corigode _d4 _encip _f20 _gy-gencatlg |
||
| 942 |
_2lcc _cAFRICANA _hPL 8704 .N44 2010 _03 |
||